Educational Leadership : Personal Growth for Professional Development
Guardado en:
| Autor principal: | |
|---|---|
| Formato: | Libro |
| Lenguaje: | inglés |
| Publicado: |
London :
SAGE Publications,
2009
|
| Etiquetas: |
Sin Etiquetas, Sea el primero en etiquetar este registro!
|
MARC
| LEADER | 00000nam a22000003a 4500 | ||
|---|---|---|---|
| 001 | stu220512 | ||
| 005 | 20150617230118.0 | ||
| 008 | 110127s2009----uk------------------eng-d | ||
| 020 | |a 978-0-7619-6777-4 | ||
| 040 | |a STU |b slo | ||
| 041 | 0 | |a eng | |
| 044 | |a uk | ||
| 100 | 1 | |a Tomlinson, Harry |4 aut | |
| 245 | 1 | |a Educational Leadership : |b Personal Growth for Professional Development | |
| 260 | |a London : |b SAGE Publications, |c 2009 | ||
| 300 | |a 226 s | ||
| 996 | |b 284M079115 |c M*12868-1 |l MMKN |s A |a 24 |w stu220512_0001 | ||